01128nam a2200253Ia 450000500170000000800410001702000180005804000180007604100080009408200210010210000370012324500750016025000120023526000560024730000220030365000570032565000320038265000520041470000230046694200300048999900190051995201680053895201680070620220816102952.0210716s2018 xx 000 0 und d a9789386649324 cAIMIT LIBRARY aeng a519.72 21bMEIJ aMeitei, A J; Jain, Veena.954776 aOptimization using linear programming /cBy A J Meitei and Veena Jain. a1st ed. aNew Delhi :bNew Age International Pvt Ltd ,c2018. ax,269p. ;c24 cm. aIntroduction to linear algebra using ms excel954777 aSensitivity analysis954778 aTransportation and transshipment problem954779 aJain Veena.954780 2ddccBKe1stk519.72 MEIJ c197351d197351 00102ddc40708MCAaAIMITbAIMITeKnowledge Worldg299.00iBill no:928; Bill dt:2020-03-16l0o519.72 MEIJpMCA16873r2025-07-21 00:00:00v224.25w2021-07-16yBK 00102ddc40708MCAaAIMITbAIMITeKnowledge Worldg299.00iBill no:928; Bill dt:2020-03-16l0o519.72 MEIJpMCA16926r2025-07-21 00:00:00v224.25w2021-07-16yBK